000 00524nam a2200181Ia 4500
001 20442
005 20260306172806.0
008 260306t2023||||xx |||||||||||||| ||spa||
041 _aESP
082 _a343.21
_bH44
100 _aHernández Chávez, Pedro A.,
_eAUT
245 0 _aEl control del poder en el estado constitucional :
_bfundamentos para una teoría integral del control constitucional
260 _c2023
300 _a766 páginas :
_c25 cm.
650 _aGEN
654 _aCDE
942 _cLIB
_dJUS
_fJUS
_2ddc
_n
999 _c20442
_d20442